01280 2200181 4500001002100000005001500021035002000036245004400056100001800100250001700118300003200135260003500167082000800202084001400210020002200224650001800246500083400264INLIS00000000000092020250317103645 a0010-03250000161 aCinta Lingkungan Hidup /cTubagus Fajar0 aTubagus Fajar acetakan ke-1 aiv, 60 hlm :bilus ;c29 cm aJakarta :bGaneca Exact,c2006 a813 a813 TUB c a978-979-744-387-6 4aCerita Pendek akampung Pasir jati. Yusuf afalah anak yang baik dan mempunyai banyak sahabat. Yusuf dan sahabat-sahabatnya mengalami berbagai peristiwa yang menyenangkan, menyedihkan, dan ada pula yang menegangkan, misalnya menangkap pencuri kambing, memancing ikan di sungai, dan mendengarkan pengalaman hidup Kakek Martasik. Cerita Yusuf dan sahabat-sahabatnya merupakan bagian kecil dari praktik mencintai lingkungan hidup, Sudahkan kalian mencintai lingkungan hidup? Segala sesuatu yang ada di sekitarmu termasuk lingkungan hidup. Lingkungan hidup sangat mendukung kehidupan manusia di bumi. Salah satunya ialah menyediakan bahan makanan. Untuk itu, kita perlu turut serta dalam menjaga dan melestarikan lingkungan. Nah, dengan membaca kisah ini, kalian akan lebih mencintai lingkungan hidup dan mempraktikkannya dalam kehidupan sehari-hari.